Econophysics : background and applications in economics, finance, and sociophysics /

"The remarkable evolution of econophysics research has brought the deep synthesis of ideas derived from economics and physics to subjects as diverse as education, banking, finance, and the administration of large institutions. The original papers in this collection present a broad summary of th...

Full description

Bibliographic Details
Corporate Author: ebrary, Inc
Other Authors: Săvoiu, Gheorghe (Editor)
Format: eBook
Language:English
Published: Oxford ; Waltham, Mass. : Academic Press, 2013.
Subjects:
Online Access:Connect to the full text of this electronic book

MARC

Tag First Indicator Second Indicator Subfields
LEADER 00000cam a2200000Ia 4500
001 in00002786433
006 m o d
007 cr |n|||||||||
008 121111s2013 enka ob 000 0 eng d
005 20250816212337.6
019 |a 850705183 
020 |a 0124046398 (electronic bk.) 
020 |a 9780124046399 (electronic bk.) 
020 |z 9780124046269 
020 |z 0124046266 
035 |a (OCoLC)ocn817558884 
035 |a (NhCcYBP)ebr10615149 
035 |a (OCoLC)817558884  |z (OCoLC)850705183 
037 |a CL0500000226  |b Safari Books Online 
040 |a YDXCP  |c YDXCP  |d OCLCO  |d N$T  |d UMC  |d MYG  |d IDEBK  |d UMI  |d TXA  |d UtOrBLW 
049 |a TXAM 
050 4 |a QC174.8  |b .E36 2013eb 
072 7 |a SCI  |x 040000  |2 bisacsh 
082 0 4 |a 530.15/95  |2 23 
245 0 0 |a Econophysics :  |b background and applications in economics, finance, and sociophysics /  |c edited by Georghe Săvoiu. 
264 1 |a Oxford ;  |a Waltham, Mass. :  |b Academic Press,  |c 2013. 
300 |a 1 online resource (viii, 168 pages) :  |b illustrations 
336 |a text  |b txt  |2 rdacontent 
337 |a computer  |b c  |2 rdamedia 
338 |a online resource  |b cr  |2 rdacarrier 
504 |a Includes bibliographical references. 
520 |a "The remarkable evolution of econophysics research has brought the deep synthesis of ideas derived from economics and physics to subjects as diverse as education, banking, finance, and the administration of large institutions. The original papers in this collection present a broad summary of these advances, written by interdisciplinary specialists. Included are studies on subjects in the development of econophysics; on the perspectives offered by econophysics on large problems in economics and finance, including the 2008-9 financial crisis; and on higher education and group decision making. The introductions and insights they provide will benefit everyone interested in applications of this new transdisciplinary science."--  |c Provided by publisher. 
588 |a Description based on print version record. 
500 |a Electronic resource. 
650 0 |a Finance  |x Mathematical models. 
650 0 |a Economics  |x Mathematical models. 
650 0 |a Statistical physics. 
650 7 |a SCIENCE / Physics / Mathematical & Computational.  |2 bisacsh 
655 7 |a Electronic books.  |2 local 
700 1 |a Săvoiu, Gheorghe,  |e editor. 
710 2 |a ebrary, Inc. 
776 0 8 |i Print version:  |t Econophysics.  |d Boston : Academic Press (Elsevier), c2013  |z 9780124046269  |w (OCoLC)810111209 
856 4 0 |u https://ebookcentral.proquest.com/lib/tamucs/detail.action?docID=1047931  |y Connect to the full text of this electronic book  |t 0 
948 |a cataloged  |b h  |c 2013/7/12  |d c  |e jlanham  |f 2:19:52 pm 
994 |a C0  |b TXA 
999 f f |s 44114151-fcea-3b8d-ac83-9e59ba6f7e88  |i 1431def1-fdd1-3286-a657-22b911888580  |t 0 
999 |a MARS 
952 f f |a Texas A&M University  |b College Station  |c Electronic Resources  |d Available Online  |t 0  |e QC174.8 .E36 2013eb  |h Library of Congress classification 
998 f f |a QC174.8 .E36 2013eb  |t 0  |l Available Online